000
00338nam a2200145Ia 4500
008
150201s2009 xx 000 0 und d
082
_a
615
_b
P09K
100
_a
KEE. JOYCE LEFEVER
245
_a
PHARMACOLOGY FOR NURSES
250
_a
6TH
260
_b
ELSEVIER
_a
INDIA
_c
2009
300
_a
998
650
_a
PHARMACOLOGY
942
_2
ddc
_c
BK
999
_c
2178
_d
2178